000 01182nam a2200229 a 4500
001 21388
003 CO-ViMGA
008 141112s2004 ck r 000 u spa d
020 _a9583505544
040 _aCO-ViMGA
_bspa
_cCO-ViMGA
082 0 4 _a352.1 G184n
100 1 _aGaviria Correa, Gonzalo
_930539
245 1 0 _aNuevo manual de control interno :
_bGuía para su aplicación en las entidades nacionales, departamentales y municipales
250 _a9
260 _aBogotá; Temis,
_c2006
300 _a444
505 _aEl sistema de control interno como instrumento de la gerencia moderna 15 - - Implantación del sistema de control interno 65 - - Modelo estándar de control interno MECI 1000 : 2005 81 - - El sistema de control interno y la nueva cultura del control fiscal 83 - - Ley 87 de 1993 Por la cual se establecen normas para el ejercicio de control interno en las entidades y organismos del estado 99
590 _aForma de adquisición : Compra fact. 0864 - - Precio : 60000 - - Proveedor : Temas y libros - - Fecha de adquisición : Mayo 2007
650 1 4 _aCONTROL INTERNO - COLOMBIA
_930540
650 1 4 _aMANUALES ADMINISTRATIVOS
_930541
942 _2ddc
_cBK
999 _c30004
_d30004